000 01009nam a2200289 i 4500
003 EG-GICUC
005 20260324115655.0
008 260324s1929 -uk ||| |||| 001 0 eng d
040 0 _aEG-GiCUC
_beng
_cEG-GiCUC
_dEG-GiCUC
_erda
041 0 _aeng
082 0 4 _221
_a341.511
_bBA . P
092 0 4 _221
099 _aLaw1 11 341.511 BA . P 1929
100 1 _aHolcombe, Arthur N
_eAuthor.
245 1 4 _aThe Present Juridical Status Of The British Dominions In International Law /
_cBy P. J. Noel Baker
264 1 _aLondon :
_bLongmans, Green And Co,
_c1929.
300 _a421 pages,
_c24 cm
336 _2rda content
_atext
337 _2rda media
_aComputer
338 _2rda carrier
_aOnline Resource
504 _aEnglish Version Of Part Of The 'recueil Des Cours De L'académie De Droit International De La Haye, 1927
546 _aText in English
650 1 4 _aPublic international law
856 4 0 _uhttps://fll.law.cu.edu.eg/fulltext/bks/B11-09015.pdf
905 _a48
942 _2ddc
_cBK
_e21
_n0
999 _c66600
_d66600